Eastern Utah Libraries Catalog: Duchesne, Heber, Roosevelt, & Vernal

Wild weather : (Record no. 367728)

MARC details
000 -LEADER
fixed length control field 01610nam a2200385 i 4500
001 - CONTROL NUMBER
control field BK0022431244
005 - DATE AND TIME OF LATEST TRANSACTION
control field 20230831153106.0
008 - FIXED-LENGTH DATA ELEMENTS--GENERAL INFORMATION
fixed length control field 190411s2019 nyua j 6 000 0 eng d
010 ## - LIBRARY OF CONGRESS CONTROL NUMBER
LC control number bl2019010817
020 ## - INTERNATIONAL STANDARD BOOK NUMBER
International Standard Book Number 9781626727908 : PAP
Terms of availability 12.99
020 ## - INTERNATIONAL STANDARD BOOK NUMBER
International Standard Book Number 1626727902 : PAP
Terms of availability 12.99
Qualifying information pbk.
037 ## - SOURCE OF ACQUISITION
Source of stock number/acquisition First Second, C/O Mps 16365 James Madison Hwy, Gordonsville, VA, USA, 22942, (888)3308477
Note SAN 631-5011
040 ## - CATALOGING SOURCE
Original cataloging agency NjBwBT
Language of cataloging eng
Transcribing agency NjBwBT
Description conventions rda
050 14 - LIBRARY OF CONGRESS CALL NUMBER
Classification number QC981.3
Item number .R43 2019
082 04 - DEWEY DECIMAL CLASSIFICATION NUMBER
Classification number 551.6
Edition number 23
092 ## - LOCALLY ASSIGNED DEWEY CALL NUMBER (OCLC)
Classification number 551.6000
100 1# - MAIN ENTRY--PERSONAL NAME
Personal name Reed, M. K,
Relator term author.
9 (RLIN) 6428666
245 10 - TITLE STATEMENT
Title Wild weather :
Remainder of title storms, meteorology, and climate /
Statement of responsibility, etc written by MK Reed ; illustrated by Jonathan Hill ; with colors by Nyssa Oru.
264 #1 - Production, Publication, Distribution, Manufacture, and Copyright Notice.
Place of production, publication, distribution, manufacture New York :
Name of producer, publisher, distributor, manufacturer First Second,
Date of production, publication, distribution, manufacture, or copyr 2019.
300 ## - PHYSICAL DESCRIPTION
Extent 119 pages :
Other physical details color illustrations ;
Dimensions 23 cm.
336 ## - Content Type
Content type term text
336 ## - Content Type
Content type term still image
337 ## - Media type
Media type term unmediated
338 ## - Carrier type
Carrier type term volume
490 1# - SERIES STATEMENT
Series statement Science comics
500 ## - GENERAL NOTE
General note Chiefly illustrations.
520 ## - SUMMARY, ETC.
Summary, etc Explores extreme weather, discussing how weather satellites predict the future, the difference between weather and climate, and how the rotation of the planet affects wind currents.
650 #0 - SUBJECT ADDED ENTRY--TOPICAL TERM
Topical term or geographic name as entry element Weather
Form subdivision Juvenile literature.
9 (RLIN) 5691781
650 #0 - SUBJECT ADDED ENTRY--TOPICAL TERM
Topical term or geographic name as entry element Weather
Form subdivision Comic books, strips, etc.
9 (RLIN) 6434053
655 #0 - INDEX TERM--GENRE/FORM
Genre/form data or focus term Graphic novels.
650 #1 - SUBJECT ADDED ENTRY--TOPICAL TERM
Topical term or geographic name as entry element Weather
Form subdivision Cartoons and comics.
9 (RLIN) 6472815
650 #1 - SUBJECT ADDED ENTRY--TOPICAL TERM
Topical term or geographic name as entry element Graphic novels.
700 1# - ADDED ENTRY--PERSONAL NAME
Personal name Hill, Jonathan
Titles and other words associated with a name (Comic book artist),
Relator term artist.
9 (RLIN) 6434056
830 #0 - SERIES ADDED ENTRY--UNIFORM TITLE
Uniform title Science comics (First Second (Firm)).
9 (RLIN) 5960510
Holdings
Withdrawn status Lost status Source of classification or shelving scheme Damaged status Not for loan Collection code Home library Current library Shelving location Date acquired Source of acquisition Total Checkouts Total Renewals Full call number Barcode Date last seen Date checked out Cost, replacement price Price effective from Koha item type Checked out
    Dewey Decimal Classification     Junior NonFiction Graphic Novels Wasatch County Library Wasatch County Library First Floor 11/16/2021 Micromarketing 32 22 J GN 551.6 Reed 34301001832205 02/26/2026 12/18/2025 19.99 11/16/2021 BOOK  
    Dewey Decimal Classification     Junior NonFiction Graphic Novels Wasatch County Library Wasatch County Library First Floor 03/11/2025 Amazon 9 4 J GN 551.6 Reed 34301002148908 03/06/2026 03/06/2026 21.99 03/11/2025 BOOK 05/02/2026
This project was made possible through a grant from the Institute of Museum and Library Service administered by the Utah State Library Division.

Wasatch County Library

  • 465 East 1200 South, Heber City, Utah 84032
  • Phone 435-654-1511 | Fax 435-654-6456

Hours

  • Monday - Friday 9:30 AM - 8:00 PM
  • Saturday 9:30 AM - 1:30 PM
  • Closed Sundays and Holidays